Milyen "törvényeket" hozott és hoz a jövőben Szeged "parlamentje"? jelentős tanácsi rendeletek készülnek a házirendről, a gyomirtásról és az állattartásról

Elmentve itt :
Bibliográfiai részletek
Dokumentumtípus: Cikk
Megjelent: 1958-03-13
Sorozat:Délmagyarország
Kulcsszavak:Városvezetés Szeged 1958
Online Access:http://dmarchiv.bibl.u-szeged.hu/53694
LEADER 00546nab a2200145 i 4500
001 delm53694
005 20180927141918.0
008 180927s1958 hu o 0|| hun d
040 |a SZTE Délmagyarország Archívum  |b hun 
041 |a hun 
245 0 0 |a Milyen "törvényeket" hozott és hoz a jövőben Szeged "parlamentje"?   |h [elektronikus dokumentum] :  |b jelentős tanácsi rendeletek készülnek a házirendről, a gyomirtásról és az állattartásról 
260 |c 1958-03-13 
300 |a 5 
490 0 |a Délmagyarország 
695 |a Városvezetés Szeged 1958